IFM Opac

Road Accidents. (Record no. 17036)

MARC details
000 -LEADER
fixed length control field 00351nam a22001457a 4500
082 ## - DEWEY DECIMAL CLASSIFICATION NUMBER
Classification number 346.086ELL.
100 ## - MAIN ENTRY--PERSONAL NAME
Personal name D.W. Elliott.
245 ## - TITLE STATEMENT
Title Road Accidents.
260 ## - PUBLICATION, DISTRIBUTION, ETC.
Place of publication, distribution, etc. London.
Name of publisher, distributor, etc. Allen Lane The Penguin Press.
Date of publication, distribution, etc. 1968.
300 ## - PHYSICAL DESCRIPTION
Extent 295pg.
Other physical details 20cm.
500 ## - GENERAL NOTE
General note Includes index.
650 ## - SUBJECT ADDED ENTRY--TOPICAL TERM
Topical term or geographic name entry element Law and Society.
700 ## - ADDED ENTRY--PERSONAL NAME
Personal name Harry Street.
942 ## - ADDED ENTRY ELEMENTS (KOHA)
Koha item type Books
Holdings
Withdrawn status Lost status Source of classification or shelving scheme Damaged status Not for loan Home library Current library Shelving location Date acquired Full call number Barcode Date last seen Price effective from Koha item type
    Dewey Decimal Classification     IFM Main Campus Library IFM Main Campus Library   03/27/2017 346.086ELL. 0000008434 03/27/2017 03/27/2017 Books